000 01512nam a2200253Ia 4500
999 _c56115
_d56115
001 23216
003 GE_BSU
005 20251002204859.0
008 181216s2004||||ge |||||||||||||| ||geo||
020 _aISBN 99940-26-01-1
040 _cGE_BSU
041 _ageo
080 _a94(479.22)(075.8) ა-87
100 _aასათიანი, ნოდარ
_9932
245 _aსაქართველოს ისტორია : უძველესი დროიდან XIX საუკუნემდე /
_cნოდარ ასათიანი ; რედ. : როინ მეტრეველი.
250 _aმე-3 გამოცემა
264 _aთბილისი :
_bსაქართველოს მაცნე,
_c2004.
300 _a392 გვ. ;
_c21 სმ.
653 _aსაქართველოს ისტორია
653 _aსაქართველოს ისტორია - სახელმძღვანელოები არასპეციალური ფაკულტეტების სტუდენტებისა და დამხმარე სახელმძღ. საშუალო სკოლებისათვის
653 _aსაქართველოს ისტორია : უძველესი დროიდან XIX საუკუნემდე
700 _aმეტრეველი, როინ
_eრედაქტორი
_925930
942 _cBK
_2udc